| 000 | 00600nam a22001697a 4500 | ||
|---|---|---|---|
| 003 | OSt | ||
| 005 | 20171010095451.0 | ||
| 008 | 120627t xxu||||| |||| 00| 0 eng d | ||
| 040 |
_aMMSU _cULS |
||
| 100 |
_aSabigan, Norwell A. _910783 |
||
| 245 |
_aDesign, construction and evaluation of hand tractor-drawn-ride-on leveler _cNorwell A. Sabigan |
||
| 260 | _c2008 | ||
| 300 |
_axiv, 56 leaves _c28 cm. |
||
| 500 | _aThesis (BS Agricultural Engineering) -- Mariano Marcos State University-College of Agriculture & Forestry, Batac City | ||
| 504 | _aBibliography: leaves 34-35 | ||
| 942 |
_2ddc _cTHEDIS |
||
| 999 |
_c9605 _d9605 |
||